000 00303nam a22001097a 4500
008 140319t xxu||||| |||| 00| 0 eng d
020 _a978-81-312-0195-4
100 _aJoseph M. Fernandez
_9788
245 _aGene Expression Systems
_bUsing Nature for the art of Expression
300 _a480
942 _2ddc
_cBK
999 _c17041
_d17041